000 00740pam a2200229 a 4500
001 1615661
005 20180306031528.0
008 950601s1996 njua b 001 0 eng
010 _a 95021844
020 _a013120338X
040 _aDLC
_cDLC
_dDLC
041 _aeng
080 _a629.89 dav
082 0 0 _a629.89 dav
_220
100 1 _a27
101 _amec
245 1 0 _aMechatronics :
_cDavid M. Auslander, Carl J. Kempf.
504 _aIncludes bibliographical references (p. 237-238) and index.
906 _a7
_bcbc
_corignew
_d1
_eocip
_f19
_gy-gencatlg
942 _2ddc
_cBK
999 _c44106
_d44106